[Event "Carroll Capps"]
[Site "San Francisco"]
[Date "2005.11.05"]
[Round "1"]
[White "Starr, Albert"]
[Black "Livschitz, Louiza"]
[Result "0-1"]
[WhiteElo "1521"]
[BlackElo "1891"]
[PlyCount "76"]
[EventDate "2005.11.05"]
[EventType "swiss"]
[EventRounds "6"]
[EventCountry "USA"]

1. b4 d5 2. e3 e5 3. b5 Nf6 4. Bb2 Bd6 5. Nf3 e4 6. Nd4 O-O 7. Be2 c5 8. Nb3 a6
9. a4 Bd7 10. O-O axb5 11. axb5 Rxa1 12. Bxa1 Qc7 13. g3 Bh3 14. Re1 Nbd7 15.
Bf1 Bg4 16. Be2 Be6 17. d3 Be5 18. N1d2 Bxa1 19. Qxa1 Ne5 20. dxe4 dxe4 21. c4
Rd8 22. Bf1 b6 23. h3 Qd7 24. Kh2 Nd3 25. Re2 h5 26. Bg2 Nb4 27. Qe5 Bg4 28. f3
exf3 29. Nxf3 Re8 30. Qb2 Bxf3 31. Bxf3 Qd3 32. Qa3 Nc2 33. Rd2 Qxd2+ 34. Nxd2
Nxa3 35. e4 Rd8 36. Nf1 Nxc4 37. g4 Ne5 38. Bg2 hxg4 0-1

[Event "Carroll Capps"]
[Site "San Francisco"]
[Date "2005.11.05"]
[Round "1"]
[White "Zhu, Kevin"]
[Black "Luke, Gary"]
[Result "0-1"]
[WhiteElo "1285"]
[BlackElo "1831"]
[PlyCount "56"]
[EventDate "2005.11.05"]
[EventType "swiss"]
[EventRounds "6"]
[EventCountry "USA"]

1. e4 c5 2. Nf3 Nc6 3. d4 cxd4 4. Nxd4 e5 5. Nxc6 bxc6 6. c4 Nf6 7. Nc3 Be7 8.
Be3 O-O 9. Be2 Qc7 10. O-O Rb8 11. Rb1 d6 12. f4 exf4 13. Bxf4 Nd7 14. a3 Ne5
15. b4 Be6 16. Bxe5 dxe5 17. Qd3 Rfd8 18. Qf3 Rd4 19. Rbc1 a5 20. bxa5 Qxa5 21.
a4 f6 22. Kh1 Rb3 23. Bd1 Ra3 24. Qe3 Bb4 25. Rf3 Rxc3 26. Qe2 Rxc1 27. Rg3
Rdxd1+ 28. Qxd1 Rxd1# 0-1

[Event "Carroll Capps"]
[Site "San Francisco"]
[Date "2005.11.05"]
[Round "2"]
[White "Chinchwadkar, Ojas"]
[Black "Chan, John"]
[Result "0-1"]
[WhiteElo "1287"]
[BlackElo "1613"]
[PlyCount "84"]
[EventDate "2005.11.05"]
[EventType "swiss"]
[EventRounds "6"]
[EventCountry "USA"]

1. e4 c5 2. b4 e6 3. Nf3 Nc6 4. bxc5 Bxc5 5. d4 Be7 6. Bd3 Nf6 7. Be3 a6 8.
Nbd2 Ng4 9. Bf4 b5 10. c4 Nb4 11. Be2 Bb7 12. cxb5 axb5 13. Bxb5 O-O 14. O-O
Nf6 15. Re1 Qb6 16. a4 Rac8 17. Nc4 Qd8 18. a5 Nxe4 19. Nb6 Rc2 20. Bd3 Nc3 21.
Bxc2 Nxd1 22. Bxd1 Nd3 23. Re2 Nxf4 24. Rb2 Bf6 25. Rb4 Ba6 26. Ba4 d5 27. Bb5
Bxb5 28. Rxb5 Ne2+ 29. Kf1 Nc3 30. Rb3 Ne4 31. Ra2 Qc7 32. a6 Qc1+ 33. Ke2 Nc3+
34. Rxc3 Qxc3 35. a7 g6 36. a8=Q Rxa8 37. Rxa8+ Kg7 38. Rc8 Qb2+ 39. Ke3 Qxb6
40. h4 h5 41. Kf4 Qa6 42. Rc7 Qd6+ 0-1

[Event "Carroll Capps"]
[Site "San Francisco"]
[Date "2005.11.05"]
[Round "2"]
[White "Konda, Adarsh"]
[Black "Krubnik, Ewelina"]
[Result "1/2-1/2"]
[WhiteElo "1993"]
[BlackElo "1758"]
[PlyCount "57"]
[EventDate "2005.11.05"]
[EventType "swiss"]
[EventRounds "6"]
[EventCountry "USA"]

1. d4 d5 2. c4 e6 3. Nc3 Nf6 4. Bg5 c6 5. Nf3 Nbd7 6. e3 Qa5 7. Qc2 Bb4 8. c5
Ne4 9. Rc1 Qxa2 10. Bd3 Bxc3+ 11. bxc3 Qxc2 12. Rxc2 Nxg5 13. Nxg5 e5 14. f3 h6
15. Nh3 O-O 16. O-O f5 17. c4 e4 18. Be2 g5 19. Nf2 Nf6 20. Ra1 Be6 21. Rca2 a6
22. Rb2 Rf7 23. cxd5 Bxd5 24. Rab1 Ra7 25. fxe4 Nxe4 26. Nxe4 Bxe4 27. Ra1 Rd7
28. Kf2 Kg7 29. Ra4 1/2-1/2

[Event "Carroll Capps"]
[Site "San Francisco"]
[Date "2005.11.05"]
[Round "2"]
[White "Liou, Arthur"]
[Black "Salvo, Tab"]
[Result "0-1"]
[WhiteElo "1544"]
[BlackElo "1712"]
[PlyCount "28"]
[EventDate "2005.11.05"]
[EventType "swiss"]
[EventRounds "6"]
[EventCountry "USA"]

1. e4 g6 2. d4 Bg7 3. Nc3 d6 4. Be2 a6 5. h4 h5 6. Be3 b5 7. a4 b4 8. Na2 a5 9.
c3 bxc3 10. Nxc3 Nf6 11. f3 Bb7 12. Qb3 Qc8 13. d5 O-O 14. Nh3 Nbd7 {
remainder of scoresheet illegible} 0-1

[Event "Carroll Capps"]
[Site "San Francisco"]
[Date "2005.11.05"]
[Round "2"]
[White "Luke, Gary"]
[Black "Shankland, Sam"]
[Result "0-1"]
[WhiteElo "1831"]
[BlackElo "2001"]
[PlyCount "40"]
[EventDate "2005.11.05"]
[EventType "swiss"]
[EventRounds "6"]
[EventCountry "USA"]

1. e4 c5 2. Nf3 Nc6 3. d4 cxd4 4. Nxd4 g6 5. Nc3 Bg7 6. Be3 Nf6 7. Be2 O-O 8.
Qd2 d5 9. Nxc6 bxc6 10. O-O-O Qa5 11. Bd4 dxe4 12. Nxe4 Qxa2 13. Nxf6+ Bxf6 14.
Qc3 Rd8 15. b3 Rxd4 16. Rxd4 Bf5 17. Rhd1 Qa3+ 18. Kb1 c5 19. Qf3 Rb8 20. b4
Rxb4+ 0-1

[Event "Carroll Capps"]
[Site "San Francisco"]
[Date "2005.11.05"]
[Round "2"]
[White "Naroditsky, Alan"]
[Black "Yamamoto, Craig"]
[Result "0-1"]
[WhiteElo "1687"]
[BlackElo "1577"]
[PlyCount "52"]
[EventDate "2005.11.05"]
[EventType "swiss"]
[EventRounds "6"]
[EventCountry "USA"]

1. Nf3 d5 2. b3 Nf6 3. Bb2 Nbd7 4. e3 e6 5. d4 c5 6. c4 cxd4 7. exd4 dxc4 8.
bxc4 b6 9. Nc3 Bb7 10. Bd3 Be7 11. O-O O-O 12. Qe2 Re8 13. a4 Nf8 14. Rfd1 Ng6
15. Bc1 Bxf3 16. Qxf3 Bb4 17. Bb2 e5 18. Bxg6 hxg6 19. dxe5 Nd7 20. Qc6 Nxe5
21. Qb5 Qh4 22. Re1 Bc5 23. Nd1 Nf3+ 24. gxf3 Rxe1+ 25. Kg2 Qg5+ 26. Kh3 Rg1
0-1

[Event "Carroll Capps"]
[Site "San Francisco"]
[Date "2005.11.05"]
[Round "2"]
[White "Ogush, Michael"]
[Black "McDaniel, Keith"]
[Result "1/2-1/2"]
[WhiteElo "1800"]
[BlackElo "1951"]
[PlyCount "84"]
[EventDate "2005.11.05"]
[EventType "swiss"]
[EventRounds "6"]
[EventCountry "USA"]

1. e4 e6 2. d3 b5 3. Nf3 c5 4. g3 Nc6 5. Bg2 Bb7 6. O-O Qc7 7. Re1 Nge7 8. c4
b4 9. b3 e5 10. Be3 Ng6 11. Nbd2 Be7 12. h4 h6 13. Nf1 Nf8 14. Qd2 Ne6 15. Bh3
Ncd4 16. Bxd4 Nxd4 17. Nxd4 cxd4 18. Nh2 Bc6 19. Nf3 a5 20. Kg2 Ra7 21. Reb1
Rb7 22. Rf1 Qd6 23. Rh1 Qc5 24. Rag1 Kd8 25. Nh2 Kc7 26. f4 d6 27. Nf3 Ra8 28.
Ra1 Rba7 29. Qb2 Bf6 30. f5 Be7 31. Kh2 f6 32. Rhg1 Be8 33. g4 Kc6 34. g5 hxg5
35. hxg5 Bh5 36. Bg4 Rh8 37. Kg3 Bxg4 38. Kxg4 fxg5 39. Nxg5 Bxg5 40. Kxg5 Qb6
41. Rh1 Raa8 42. Rh2 Qd8+ 1/2-1/2

[Event "Carroll Capps"]
[Site "San Francisco"]
[Date "2005.11.05"]
[Round "2"]
[White "Parker, Harold"]
[Black "Ladyzhensky, Boris"]
[Result "1/2-1/2"]
[WhiteElo "1547"]
[BlackElo "1721"]
[PlyCount "80"]
[EventDate "2005.11.05"]
[EventType "swiss"]
[EventRounds "6"]
[EventCountry "USA"]

1. e4 c5 2. Nf3 d6 3. d4 cxd4 4. Nxd4 Nf6 5. Nc3 g6 6. Be3 Bg7 7. Qd2 Ng4 8.
O-O-O Nxe3 9. Qxe3 Nd7 10. f4 Nf6 11. h3 O-O 12. e5 Ne8 13. exd6 Nxd6 14. g4 a6
15. Ne4 Qb6 16. Nxd6 exd6 17. c3 Qc5 18. Bg2 Rb8 19. Rhe1 Bd7 20. Nc2 Qa5 21.
Rxd6 Be6 22. a3 b5 23. Qc5 Rfc8 24. Rc6 Rxc6 25. Qxc6 Qa4 26. Qd6 Rf8 27. Qb4
Qb3 28. Qxb3 Bxb3 29. Re7 a5 30. Rb7 Bc4 31. Ne3 Bd3 32. Ra7 a4 33. Ra8 Rxa8
34. Bxa8 Bf8 35. Kd2 Bb1 36. Bc6 Bd6 37. Nd5 Ba2 38. Ne3 Bxf4 39. Bxb5 Bb3 40.
Kd3 f5 1/2-1/2

[Event "Carroll Capps"]
[Site "San Francisco"]
[Date "2005.11.05"]
[Round "2"]
[White "Reyes, Roger"]
[Black "Mohan, Vijay"]
[Result "1/2-1/2"]
[WhiteElo "1681"]
[BlackElo "1453"]
[PlyCount "99"]
[EventDate "2005.11.05"]
[EventType "swiss"]
[EventRounds "6"]
[EventCountry "USA"]

1. e4 c5 2. Nf3 Nc6 3. Bb5 g6 4. O-O Bg7 5. c3 e6 6. d4 cxd4 7. cxd4 Qb6 8.
Bxc6 bxc6 9. Nc3 Ba6 10. Re1 Ne7 11. Na4 Qc7 12. Be3 O-O 13. Rc1 Bb5 14. Nc3
Qb7 15. Qd2 a5 16. Bh6 Rab8 17. Bxg7 Kxg7 18. d5 cxd5 19. exd5 Nxd5 20. Qd4+ f6
21. Ne4 Bc6 22. b3 Qb4 23. Rc4 Qb6 24. Qd2 Qa6 25. Rec1 Rb4 26. Nc5 Qa7 27.
Nxe6+ dxe6 28. Rxc6 Rb6 29. Nd4 Re8 30. Rxb6 Qxb6 31. Rc6 Qb4 32. Nxe6+ Kf7 33.
Ng5+ Kg7 34. Qxb4 Nxb4 35. Rc7+ Kg8 36. Nf3 Rd8 37. g3 Nxa2 38. Ra7 Rd3 39.
Rxa5 Rxf3 40. Rxa2 Rxb3 41. Ra7 Rb8 42. h4 Rf8 43. Kg2 Rf7 44. Ra8+ Kg7 45. f4
f5 46. Kf3 Re7 47. g4 h5 48. gxh5 gxh5 49. Ra5 Kf6 50. Ra6+ 1/2-1/2

[Event "Carroll Capps"]
[Site "San Francisco"]
[Date "2005.11.05"]
[Round "2"]
[White "Saguid, Vincent"]
[Black "Adkins, Rico"]
[Result "0-1"]
[WhiteElo "1486"]
[BlackElo "1682"]
[PlyCount "44"]
[EventDate "2005.11.05"]
[EventType "swiss"]
[EventRounds "6"]
[EventCountry "USA"]

1. Nf3 c5 2. g3 Nc6 3. Bg2 e5 4. d3 Nf6 5. O-O h6 6. Nbd2 d5 7. e4 Be6 8. exd5
Nxd5 9. Re1 Qc7 10. Nc4 Bg4 11. Ncxe5 Nxe5 12. Rxe5+ Qxe5 13. Nxe5 Bxd1 14.
Bxd5 Bxc2 15. Bxf7+ Ke7 16. Bg6 Kf6 17. f4 Bd6 18. Be4 Bxe5 19. fxe5+ Kxe5 20.
d4+ Kxd4 21. Kf2 Bd3 22. Be3+ Kxe4 0-1

[Event "Carroll Capps"]
[Site "San Francisco"]
[Date "2005.11.05"]
[Round "2"]
[White "Sanguinetti, George"]
[Black "De Guzman, Ricardo"]
[Result "0-1"]
[WhiteElo "1941"]
[BlackElo "2458"]
[PlyCount "100"]
[EventDate "2005.11.05"]
[EventType "swiss"]
[EventRounds "6"]
[EventCountry "USA"]

1. d4 Nf6 2. c4 e6 3. Nc3 Bb4 4. e3 b6 5. Nge2 Bb7 6. a3 Bxc3+ 7. Nxc3 O-O 8.
Bd3 d5 9. cxd5 Nxd5 10. e4 Nxc3 11. bxc3 c5 12. Be3 cxd4 13. cxd4 Nc6 14. Bb1
Qh4 15. O-O Rfd8 16. f4 Rd7 17. Ra2 Rad8 18. Rd2 Na5 19. Qa4 g6 20. Rfd1 Qe7
21. Bf2 f5 22. exf5 gxf5 23. Re1 Qg7 24. g3 Qg4 25. Ba2 Bd5 26. Bxd5 exd5 27.
Rde2 Kf7 28. Re6 Nc4 29. Qc6 Nd2 30. R1e3 Ne4 31. Re5 Qg6 32. Qxg6+ hxg6 33.
Be1 Rc8 34. h3 Rc4 35. Rd3 Rc1 36. Re3 Rd1 37. g4 Kf6 38. gxf5 gxf5 39. Kg2
Rxd4 40. Bh4+ Kg6 41. Re6+ Kf7 42. Re5 Kg6 43. Re6+ Kh5 44. Be1 Rg7+ 45. Kf3
Rd1 46. Re5 Kg6 47. Ke2 Rd4 48. h4 Rf7 49. h5+ Kh7 50. Bh4 Nd6 {
B won in 12 more moves} 0-1

[Event "Carroll Capps"]
[Site "San Francisco"]
[Date "2005.11.05"]
[Round "2"]
[White "Sowell, Nelson"]
[Black "Starr, Albert"]
[Result "0-1"]
[WhiteElo "1733"]
[BlackElo "1521"]
[PlyCount "118"]
[EventDate "2005.11.05"]
[EventType "swiss"]
[EventRounds "6"]
[EventCountry "USA"]

1. d4 f5 2. c4 e6 3. g3 Nf6 4. Bg2 c6 5. Nf3 d5 6. O-O Be7 7. Qc2 O-O 8. Rd1 h6
9. Ne5 Qe8 10. Nc3 Nbd7 11. cxd5 exd5 12. Nf3 Ne4 13. Bf4 Ndf6 14. Nxe4 fxe4
15. Ne5 Ng4 16. Nxg4 Bxg4 17. f3 g5 18. Be5 exf3 19. exf3 Bxf3 20. Bxf3 Rxf3
21. Re1 Qf7 22. Qg2 Rf8 23. Bf4 Rd3 24. Be5 Bf6 25. Rf1 Qg7 26. Qe2 Rxd4 27.
Bxd4 Bxd4+ 28. Kg2 Qg6 29. Rxf8+ Kxf8 30. Rf1+ Kg8 31. b3 Qe4+ 32. Qxe4 dxe4
33. Rf5 e3 34. Kf3 c5 35. Ke2 a5 36. a3 b5 37. Rd5 Kf7 38. Rd6 h5 39. Rd5 Kf6
40. h3 h4 41. g4 a4 42. b4 Ke6 43. Rd8 Ke5 44. Kd3 Kf4 45. bxc5 Bxc5 46. Rd5
Bxa3 47. Rxb5 Bc1 48. Rb4+ Kg3 49. Ke2 a3 50. Ra4 Kxh3 51. Kf3 Kh2 52. Rc4 Bb2
53. Rc2+ Kg1 54. Rg2+ Kh1 55. Re2 a2 56. Re1+ Kh2 57. Re2+ Kh3 58. Re1 a1=Q 59.
Rxa1 Bxa1 0-1

[Event "Carroll Capps"]
[Site "San Francisco"]
[Date "2005.11.05"]
[Round "2"]
[White "Vayntrub, Dmitry"]
[Black "Da Cruz, Michael"]
[Result "1-0"]
[WhiteElo "2075"]
[BlackElo "1804"]
[PlyCount "71"]
[EventDate "2005.11.05"]
[EventType "swiss"]
[EventRounds "6"]
[EventCountry "USA"]

1. e4 c5 2. Nc3 e6 3. Nf3 Nc6 4. Bb5 Nd4 5. Nxd4 cxd4 6. Ne2 Qg5 7. Bd3 Qxg2 8.
Ng3 Bd6 9. Bf1 Qxh1 10. Nxh1 Bxh2 11. Qg4 Be5 12. f4 h5 13. Qd1 h4 14. Qg4 Nh6
15. Qf3 Bc7 16. d3 d6 17. Bd2 Bd7 18. c3 Bb6 19. cxd4 Bxd4 20. Bc3 Bxc3+ 21.
bxc3 e5 22. f5 g5 23. Nf2 f6 24. Kd2 Ke7 25. Be2 Rac8 26. Rb1 b6 27. Qh3 Nf7
28. Ng4 Rhd8 29. Ne3 Bc6 30. Qf3 Nh6 31. Bd1 Rh8 32. Bb3 Rh7 33. Bd5 Be8 34.
Be6 Rc5 35. d4 Ra5 36. Nd5+ 1-0

[Event "Carroll Capps"]
[Site "San Francisco"]
[Date "2005.11.05"]
[Round "2"]
[White "Woebcke, Carl"]
[Black "Yeh, Andrew"]
[Result "1-0"]
[WhiteElo "1718"]
[BlackElo "1361"]
[PlyCount "123"]
[EventDate "2005.11.05"]
[EventType "swiss"]
[EventRounds "6"]
[EventCountry "USA"]

1. e4 e5 2. f4 d5 3. exd5 e4 4. d3 Nf6 5. Nc3 Bb4 6. Bd2 e3 7. Bxe3 O-O 8. Bd2
Bxc3 9. Bxc3 Nxd5 10. Qd2 Re8+ 11. Be2 Ne3 12. Kf2 Nc6 13. Nf3 Ng4+ 14. Kg1 Re3
15. h3 Qe7 16. Re1 Nh6 17. Ne5 Nf5 18. g4 Qc5 19. Kh2 Ng3 20. d4 Qe7 21. Qxe3
Nxh1 22. Kxh1 Kh8 23. Bc4 Nxe5 24. Qxe5 Qxe5 25. Rxe5 Bd7 26. Bxf7 Rf8 27. Re7
Bc6+ 28. d5 Rxf7 29. Bxg7+ Kxg7 30. Rxf7+ Kxf7 31. dxc6 bxc6 32. Kg2 Ke6 33. a4
c5 34. Kf3 Kf6 35. Ke4 Ke6 36. g5 c6 37. h4 a5 38. h5 Kd6 39. f5 Ke7 40. Ke5
Kf7 41. g6+ hxg6 42. hxg6+ Kg7 43. Ke6 Kg8 44. Ke7 Kg7 45. f6+ Kg8 46. f7+ Kg7
47. f8=Q+ Kxg6 48. Qf6+ Kh5 49. Ke6 Kg4 50. Qf5+ Kg3 51. Ke5 Kg2 52. Kf4 Kf2
53. Ke4+ Ke2 54. Qf3+ Kd2 55. Qc3+ Ke2 56. Qd3+ Kf2 57. Qe3+ Kg2 58. Qf3+ Kg1
59. Ke3 c4 60. Qg3+ Kh1 61. Kf2 c3 62. Qg2# 1-0

[Event "Carroll Capps"]
[Site "San Francisco"]
[Date "2005.11.05"]
[Round "2"]
[White "Zavadsky, Peter"]
[Black "Oza, Nikunj"]
[Result "1-0"]
[WhiteElo "2202"]
[BlackElo "1886"]
[PlyCount "57"]
[EventDate "2005.11.05"]
[EventType "swiss"]
[EventRounds "6"]
[EventCountry "USA"]

1. d4 d5 2. c4 c6 3. Nf3 Nf6 4. Nc3 g6 5. e3 b5 6. b3 Bg4 7. Be2 e6 8. O-O Bd6
9. Ne5 Bxe2 10. Qxe2 O-O 11. Bb2 Nfd7 12. f4 f6 13. Nf3 f5 14. Kh1 Nf6 15. Ne5
Qc7 16. Rac1 Qb7 17. a4 b4 18. Nb1 a5 19. Nd2 Nbd7 20. h3 Ne4 21. Nxe4 fxe4 22.
Qg4 Rf6 23. cxd5 cxd5 24. Rf2 Rc8 25. Rfc2 Rxc2 26. Rxc2 Bxe5 27. dxe5 Rf5 28.
Qh4 Rf8 29. Qe7 1-0

[Event "Carroll Capps"]
[Site "San Francisco"]
[Date "2005.11.05"]
[Round "3"]
[White "Adkins, Rico"]
[Black "D'Aloisio, Tony"]
[Result "0-1"]
[WhiteElo "1682"]
[BlackElo "2215"]
[PlyCount "38"]
[EventDate "2005.11.05"]
[EventType "swiss"]
[EventRounds "6"]
[EventCountry "USA"]

1. Nf3 Nf6 2. c4 g6 3. Nc3 Bg7 4. g3 d6 5. Bg2 O-O 6. O-O e5 7. e4 Nc6 8. d4
Bg4 9. Be3 exd4 10. Bxd4 Nxd4 11. Qxd4 Re8 12. h3 Nxe4 13. Qd3 Bf5 14. g4 Nxc3
15. gxf5 Ne2+ 16. Kh1 Nf4 17. Qc2 Re2 18. Nd2 Nxg2 19. Kxg2 Qg5+ 0-1

[Event "Carroll Capps"]
[Site "San Francisco"]
[Date "2005.11.05"]
[Round "3"]
[White "Agarwal, Rohan"]
[Black "Sanguinetti, George"]
[Result "1-0"]
[WhiteElo "1676"]
[BlackElo "1941"]
[PlyCount "88"]
[EventDate "2005.11.05"]
[EventType "swiss"]
[EventRounds "6"]
[EventCountry "USA"]

1. e4 c5 2. b4 cxb4 3. d4 d5 4. exd5 Qxd5 5. Nf3 Nc6 6. c4 bxc3 7. Nxc3 Qa5 8.
d5 Qxc3+ 9. Bd2 Qf6 10. dxc6 bxc6 11. Rc1 Bd7 12. Bd3 h6 13. O-O e6 14. Qa4 Bd6
15. Bc3 Qf4 16. Qxf4 Bxf4 17. Bxg7 Bxc1 18. Rxc1 f6 19. Bg6+ Ke7 20. Bxh8 e5
21. Rd1 Be6 22. Nh4 Rb8 23. Nf5+ Bxf5 24. Bxf5 Kf7 25. Rd7+ Ne7 26. Bc2 Rxh8
27. Bb3+ Ke8 28. Rxa7 Kd8 29. Be6 Rh7 30. a4 Rg7 31. a5 f5 32. a6 Rg6 33. Rd7+
Ke8 34. Rd6 Rg4 35. f4 Rxf4 36. Bb3 Nc8 37. Rxc6 Kd7 38. Rxh6 Kc7 39. h4 Rb4
40. Be6 Ne7 41. h5 Ra4 42. Bb3 Ra3 43. Bc2 f4 44. Rf6 Nc6 1-0

[Event "Carroll Capps"]
[Site "San Francisco"]
[Date "2005.11.05"]
[Round "3"]
[White "De Guzman, Ricardo"]
[Black "Margulis, Igor"]
[Result "1-0"]
[WhiteElo "2458"]
[BlackElo "2001"]
[PlyCount "37"]
[EventDate "2005.11.05"]
[EventType "swiss"]
[EventRounds "6"]
[EventCountry "USA"]

1. d4 g6 2. e4 Bg7 3. Nc3 d6 4. Be3 a6 5. a4 Nd7 6. f4 b6 7. Nf3 Bb7 8. Bc4 e6
9. d5 Qe7 10. O-O Ngf6 11. dxe6 fxe6 12. Ng5 Nc5 13. Bxc5 bxc5 14. Nxe6 Bh6 15.
e5 dxe5 16. fxe5 Be3+ 17. Kh1 Nh5 18. Nd5 Qh4 19. Ndxc7+ 1-0

[Event "Carroll Capps"]
[Site "San Francisco"]
[Date "2005.11.05"]
[Round "3"]
[White "Livschitz, Jennifer"]
[Black "Luke, Gary"]
[Result "0-1"]
[WhiteElo "1230"]
[BlackElo "1831"]
[PlyCount "74"]
[EventDate "2005.11.05"]
[EventType "swiss"]
[EventRounds "6"]
[EventCountry "USA"]

1. e4 c6 2. d4 d5 3. exd5 cxd5 4. c4 dxc4 5. Nc3 Nc6 6. Nf3 Bg4 7. Be3 e6 8.
Bxc4 Nf6 9. h3 Bh5 10. O-O Be7 11. d5 exd5 12. Nxd5 Nxd5 13. Bxd5 Qd7 14. Qb3
O-O 15. Rad1 Qc7 16. Rc1 Bxf3 17. Bxf3 Bf6 18. Bxc6 bxc6 19. Rfd1 Rfb8 20. Qa4
Rxb2 21. Rxc6 Qb7 22. Rdc1 Rb1 23. Qc2 Rxc1+ 24. Bxc1 Re8 25. Be3 a5 26. a4 Qb4
27. Rc4 Qe1+ 28. Kh2 Be5+ 29. g3 g6 30. Kg2 Re6 31. Kh2 h5 32. h4 Rf6 33. Kg2
Rf5 34. Rc8+ Kg7 35. Rc4 Bxg3 36. Kxg3 Qg1+ 37. Kh3 Rf3# 0-1

[Event "Carroll Capps"]
[Site "San Francisco"]
[Date "2005.11.05"]
[Round "3"]
[White "Malkiel, Daniel"]
[Black "Woebcke, Carl"]
[Result "1-0"]
[WhiteElo "2095"]
[BlackElo "1718"]
[PlyCount "62"]
[EventDate "2005.11.05"]
[EventType "swiss"]
[EventRounds "6"]
[EventCountry "USA"]

1. Nf3 Nf6 2. d4 d5 3. c4 e6 4. g3 c6 5. Qc2 Be7 6. Bg2 O-O 7. O-O Nbd7 8. Nbd2
b6 9. Rd1 Bb7 10. e4 Nxe4 11. Nxe4 dxe4 12. Qxe4 Bd6 13. Ne5 Bxe5 14. dxe5 Qc7
15. Bf4 Rab8 16. Qe2 c5 17. Bxb7 Rxb7 18. Rd6 Nb8 19. Qe4 b5 20. cxb5 Rxb5 21.
b3 Rb4 22. Qd3 Nc6 23. Rc1 Qb6 24. Rc4 Qb5 25. Rxb4 Qxd3 26. Rxd3 Nxb4 27. Rd7
Nxa2 28. Rxa7 Nb4 29. Be3 Nd3 30. Rc7 Nxe5 31. Bxc5 Rd8 1-0

[Event "Carroll Capps"]
[Site "San Francisco"]
[Date "2005.11.05"]
[Round "3"]
[White "Mohan, Vijay"]
[Black "Sowell, Nelson"]
[Result "1-0"]
[WhiteElo "1453"]
[BlackElo "1733"]
[PlyCount "109"]
[EventDate "2005.11.05"]
[EventType "swiss"]
[EventRounds "6"]
[EventCountry "USA"]

1. e4 Nf6 2. Nc3 d5 3. e5 d4 4. exf6 dxc3 5. fxg7 cxd2+ 6. Qxd2 Qxd2+ 7. Bxd2
Bxg7 8. O-O-O O-O 9. Nf3 Bg4 10. Be2 Nc6 11. Rhe1 Rfd8 12. h3 Bh5 13. g4 Bg6
14. Bb5 e6 15. Bxc6 bxc6 16. Bf4 Rdc8 17. Rd7 Rab8 18. b3 Bc3 19. Red1 Ba5 20.
Ne5 Be4 21. f3 Bg6 22. h4 h5 23. Nxc6 Bc3 24. Ne7+ Kg7 25. Nxc8 Rxc8 26. Rxc7
Rxc7 27. Bxc7 hxg4 28. fxg4 Be4 29. Rg1 Bd4 30. Re1 f5 31. Kd2 Bf2 32. Be5+ Kf7
33. Rxe4 fxe4 34. h5 a6 35. c3 Bb6 36. g5 Kg8 37. g6 Bd8 38. Ke3 Bg5+ 39. Bf4
Bf6 40. c4 e5 41. Bh6 a5 42. Kxe4 Bh8 43. g7 Bxg7 44. Bxg7 Kxg7 45. Kxe5 Kh6
46. c5 Kxh5 47. c6 Kg4 48. c7 Kg3 49. c8=Q Kf3 50. Qc6+ Ke3 51. Qc3+ Ke2 52.
Ke4 a4 53. Qc2+ Kf1 54. Kf3 axb3 55. Qc1# 1-0

[Event "Carroll Capps"]
[Site "San Francisco"]
[Date "2005.11.05"]
[Round "3"]
[White "Oza, Nikunj"]
[Black "Boyd, Thomas"]
[Result "1-0"]
[WhiteElo "1886"]
[BlackElo "1595"]
[PlyCount "84"]
[EventDate "2005.11.05"]
[EventType "swiss"]
[EventRounds "6"]
[EventCountry "USA"]

1. d4 d5 2. Nf3 Nf6 3. Bf4 Bg4 4. Nbd2 e6 5. c3 Bd6 6. Bg3 Bxg3 7. hxg3 Nc6 8.
Qa4 Qd7 9. e3 Ne7 10. Qb3 c6 11. Ne5 Qc7 12. Nxg4 Nxg4 13. Be2 Nxe3 14. fxe3
Qxg3+ 15. Kf1 Nf5 16. Bf3 Nxe3+ 17. Ke2 Ng4 18. Bxg4 Qxg4+ 19. Kf2 Qf4+ 20. Nf3
O-O 21. Qc2 h6 22. Rh4 Qf5 23. Qxf5 exf5 24. Rah1 f6 25. Rh5 f4 26. R5h4 Kh7
27. Rxf4 g5 28. Rg4 Rae8 29. Nd2 Kg6 30. Rg3 h5 31. Re1 Rxe1 32. Kxe1 Re8+ 33.
Kf2 f5 34. Re3 Rxe3 35. Kxe3 f4+ 36. Kf3 Kf5 37. Kf2 g4 38. Ke2 h4 39. Kf2 b5
40. Nb3 h3 41. gxh3 gxh3 42. Nc5 Kg4 1-0

[Event "Carroll Capps"]
[Site "San Francisco"]
[Date "2005.11.05"]
[Round "3"]
[White "Ratner, Ed"]
[Black "Parker, Harold"]
[Result "1-0"]
[WhiteElo "1714"]
[BlackElo "1547"]
[PlyCount "53"]
[EventDate "2005.11.05"]
[EventType "swiss"]
[EventRounds "6"]
[EventCountry "USA"]

1. d4 d5 2. c4 e6 3. Nc3 Nf6 4. Nf3 Be7 5. Bf4 a6 6. Ne5 O-O 7. e3 b6 8. cxd5
Nxd5 9. Nxd5 Qxd5 10. f3 Qa5+ 11. Kf2 f6 12. Nc4 Qh5 13. Bxc7 b5 14. Nb6 Ra7
15. Bxb8 Rb7 16. Nxc8 Rxc8 17. Bg3 e5 18. Be2 Rbc7 19. Qb3+ Kh8 20. Bd3 exd4
21. Bxc7 dxe3+ 22. Ke2 Rxc7 23. Qe6 Bc5 24. g4 Qf7 25. Qxf7 Rxf7 26. Rac1 Rc7
27. b4 1-0

[Event "Carroll Capps"]
[Site "San Francisco"]
[Date "2005.11.05"]
[Round "3"]
[White "Salvo, Tab"]
[Black "Perepelitsky, Philipp"]
[Result "1-0"]
[WhiteElo "1712"]
[BlackElo "2111"]
[PlyCount "60"]
[EventDate "2005.11.05"]
[EventType "swiss"]
[EventRounds "6"]
[EventCountry "USA"]

1. Nf3 d5 2. c4 c6 3. b3 Nf6 4. g3 Bf5 5. d3 Nbd7 6. Bb2 e6 7. Bg2 Be7 8. O-O
O-O 9. Nbd2 c5 10. h3 Qc7 11. Nh4 Bg6 12. Nxg6 hxg6 13. cxd5 Nxd5 14. Rc1 Qb6
15. e3 Rad8 16. Qe2 Bd6 17. Rc2 Rfe8 18. Rfc1 Qa6 19. Bf1 b5 20. Qf3 Qb6 21.
Kh1 Bf8 22. Qg2 Qd6 23. d4 cxd4 24. Nf3 Ne5 25. Nh2 Nf6 26. Be2 Be7 27. Ng4
Nfxg4 28. Bxg4 f5 29. Be2 Kf7 30. Kg1 Rh8 {remainder illegible} 1-0

[Event "Carroll Capps"]
[Site "San Francisco"]
[Date "2005.11.05"]
[Round "3"]
[White "Vayntrub, Dmitry"]
[Black "Zavadsky, Peter"]
[Result "0-1"]
[WhiteElo "2075"]
[BlackElo "2202"]
[PlyCount "120"]
[EventDate "2005.11.05"]
[EventType "swiss"]
[EventRounds "6"]
[EventCountry "USA"]

1. d4 Nf6 2. Nf3 e6 3. g3 c5 4. Bg2 cxd4 5. Nxd4 Nc6 6. O-O Be7 7. e4 O-O 8.
Nc3 d6 9. Nxc6 bxc6 10. e5 dxe5 11. Bxc6 Rb8 12. Qxd8 Rxd8 13. Re1 Bb4 14. Be3
Bb7 15. Bxb7 Rxb7 16. Red1 Rc8 17. Na4 Nd5 18. c3 Be7 19. Kf1 f5 20. Rac1 Rbc7
21. Bd2 e4 22. b3 Nf6 23. Bf4 Rb7 24. Rc2 Ng4 25. Kg2 g5 26. Bc1 Ne5 27. c4 g4
28. Be3 Nd3 29. Kf1 Bf6 30. Bd2 Bd4 31. Bc3 e5 32. Rcd2 h5 33. Ba1 Kf7 34. Nc3
Bxc3 35. Bxc3 Ke6 36. Re2 Rd7 37. Rb1 h4 38. Kg2 Rh8 39. Rf1 Rdh7 40. Kg1 Rh5
41. Rd1 Rd8 42. Rf1 Rh7 43. Bd2 Rd6 44. Bg5 h3 45. Bd2 Ra6 46. Bc3 Rd7 47. Rb1
Rc6 48. Kf1 a6 49. Rd1 Rc5 50. Rdd2 a5 51. Rd1 a4 52. Rb1 Rb7 53. Bd2 Rxc4 54.
Be1 Rc6 55. b4 a3 56. Rb3 Rc1 57. b5 Kd5 58. b6 Kc6 59. Rxa3 Rxb6 60. Rc3+ Rxc3
0-1

[Event "Carroll Capps"]
[Site "San Francisco"]
[Date "2005.11.05"]
[Round "3"]
[White "Wanlass, Ken"]
[Black "Ladyzhensky, Boris"]
[Result "0-1"]
[WhiteElo "276"]
[BlackElo "1721"]
[PlyCount "76"]
[EventDate "2005.11.05"]
[EventType "swiss"]
[EventRounds "6"]
[EventCountry "USA"]

1. e4 c5 2. Nf3 d6 3. d4 cxd4 4. Nxd4 Nf6 5. Nc3 g6 6. Be3 Bg7 7. Bc4 O-O 8. f3
Bd7 9. Qd2 Nc6 10. g4 Qa5 11. O-O-O Rfc8 12. Bb3 Ne5 13. h4 Nc4 14. Bxc4 Rxc4
15. Bh6 Nxe4 16. fxe4 Rxd4 17. Qxd4 Bxd4 18. Rxd4 Be6 19. Ra4 Qc5 20. h5 g5 21.
Rf1 a6 22. Nd5 Bxd5 23. exd5 Qxd5 24. c3 b5 25. Rd4 Qe5 26. Rf5 Qe3+ 27. Kc2 f6
28. Rd3 Qe2+ 29. Rd2 Qe4+ 30. Rd3 Rc8 31. Rff3 a5 32. Rfe3 Qb7 33. Rd2 b4 34.
Re6 a4 35. Rde2 Rc7 36. R2e4 bxc3 37. bxc3 a3 38. Rb4 Qxb4 0-1